| 000 | 00688nam a2200217 a 4500 | ||
|---|---|---|---|
| 005 | 20240806064152.0 | ||
| 008 | 010612s1992 r 000 0 eng d | ||
| 020 | _a8439521715 | ||
| 035 | _aUPN01000128755 | ||
| 049 | _aCG | ||
| 050 | 4 |
_aBF1093 _bF7.38b |
|
| 100 | 1 |
_aFreud, Sigmund, _d1856-1939 |
|
| 245 | 1 | 3 |
_aLa interpretación de los sueños / _cSigmund Freud ; tr. Luis López-Ballesteros y de Torres. |
| 260 |
_aEspaña : _bPlaneta-Agostini, _c1992. |
||
| 300 | _a688 p. | ||
| 440 | 0 |
_aObras maestras del pensamiento contemporáneo ; _n3 |
|
| 534 |
_pTraducción de: _tDie Traumdeutung (1901) |
||
| 650 | 0 |
_aSueños _91571 |
|
| 650 | 4 |
_aPsicoanálisis _91572 |
|
| 905 | _aLibro | ||
| 999 |
_c100932 _d100932 |
||